000 00626nam a2200229Ia 4500
003 OSt
005 20220923230551.0
006 a|||||r|||| 00| 0
007 ta
008 Pun
024 _a283,289
037 _cTextual
040 _aARTS
_cARTS
_bPun
041 _2Pun
_aPun
082 _aO153,3NSAN,TS, L6
100 _aਸੰਤੋਖਪੁਰੀ, ਕਰਨੈਲ
245 0 _aਤੇ ਸਵੇਰ ਹੋ ਗਈ
260 _c1976
650 _aਪੰਜਾਬੀ ਸਾਹਿਤ
942 _hO153,3NSAN,TS, L6
_cTEXL
_2CC
999 _c385777
_d385777